000 00740nam a2200229 i 4500
001 140746
003 ES-MaACL
005 20230906200139.0
007 t|
008 070917s1972 mx ||||1| spa d
100 1 _aWells, Dare A.
_9116455
245 1 0 _aTeoría y problemas de dinámica de Lagrange /
_cpor Dare A. Wells ; traducción y adaptación, Francisco Genecco Calvo.
260 _aMéxico :
_bMc Graw-Hill,
_c[1972]
300 _a371 p. :
_bil. ;
_c28 cm.
490 1 _aCompendios Schaum
650 4 _aDinámica.
_9151794
650 4 _aLagrange, Ecuaciones de.
_9154495
700 1 _aGnecco Calvo, Francisco.
_957472
830 0 _aCompendios Schaum
_9187129
852 _aES-MaACL
_jE-5817
_bR.90079
999 _c140746
_d140746